The kingdom of Mewar : (Record no. 135126)

MARC details
000 -LEADER
fixed length control field 00850nam a22002417a 4500
005 - DATE AND TIME OF LATEST TRANSACTION
control field 20170124110240.0
010 ## - LIBRARY OF CONGRESS CONTROL NUMBER
LC control number B-022569
020 ## - INTERNATIONAL STANDARD BOOK NUMBER
Terms of availability 00.00
International Standard Book Number 8124601445
035 ## - SYSTEM CONTROL NUMBER
System control number B-022569
037 ## - SOURCE OF ACQUISITION
Source of stock number/acquisition Cen Lib/Ret
040 ## - CATALOGING SOURCE
Original cataloging agency DPL
Language of cataloging EN
082 ## - DEWEY DECIMAL CLASSIFICATION NUMBER
Classification number 954.05
Item number MEI
100 ## - MAIN ENTRY--PERSONAL NAME
Personal name Meininger, Irmgard
9 (RLIN) 94538
245 ## - TITLE STATEMENT
Title The kingdom of Mewar :
Statement of responsibility, etc by Irmgard Meininger
Remainder of title great struggles and glory of the world's oldest ruling dynasty /
246 ## - VARYING FORM OF TITLE
Remainder of title
260 ## - PUBLICATION, DISTRIBUTION, ETC. (IMPRINT)
Place of publication, distribution, etc New Delhi
Name of publisher, distributor, etc D.K. Printworld
Date of publication, distribution, etc 2000
270 ## - ADDRESS
City New Delhi
Address F-52, Bali nagar
Postal code 110015
300 ## - PHYSICAL DESCRIPTION
Extent xii, 208p. :
Dimensions 28cm(Hb)
Other physical details ill.
500 ## - GENERAL NOTE
General note Includes glossary, bibliographical references and index
650 ## - SUBJECT ADDED ENTRY--TOPICAL TERM
Topical term or geographic name as entry element Udaipur (Princely State) -- History.
9 (RLIN) 94539
650 ## - SUBJECT ADDED ENTRY--TOPICAL TERM
Topical term or geographic name as entry element Udaipur (Princely State) -- Pictorial works.
9 (RLIN) 94540
942 ## - ADDED ENTRY ELEMENTS (KOHA)
Source of classification or shelving scheme Dewey Decimal Classification
Koha item type English Books
Classification part 954.05
Call number suffix MEI
Holdings
Withdrawn status Lost status Damaged status Not for loan Collection code Home library Current library Date acquired Source of acquisition Cost, normal purchase price Total Checkouts Full call number Barcode Date last seen Copy number Cost, replacement price Price effective from Koha item type
      Not For Loan Reference Central Library Central Library 01/10/2015 Cen Lib/Ret 0.00   954.05 MEI B-022569 01/10/2015 1 0.00 01/10/2015 English Books

© Delhi Public Library
Hit Counter
free hit counter